| 000 | 01096cam a22003257i 4500 | ||
|---|---|---|---|
| 001 | 14622471 | ||
| 003 | EG-ScBUE | ||
| 005 | 20221219125923.0 | ||
| 008 | 061103t2006 njua f 001 0 eng d | ||
| 020 | _a1580113257 (pbk.) | ||
| 020 | _a9781580113250 (pbk.) | ||
| 035 | _a(OCoLC)ocm71151872 | ||
| 040 |
_aOKE _beng _erda _cOKE _dUKM _dDLC _dEG-ScBUE |
||
| 082 | 0 | 4 |
_a728.373028 _222 _bONE |
| 245 | 0 | 0 | _aOne story house plans Bible. |
| 264 | 1 |
_aUpper Saddle River, N.J. : _bCreative Homeowner, _c[2006] |
|
| 264 | 4 | _cc2006 | |
| 300 |
_a383 pages : _billustrations (some color) ; _c28 cm |
||
| 336 |
_2rdacontent _atext _btxt |
||
| 337 |
_2rdamedia _aunmediated _bn |
||
| 338 |
_2rdacarrier _avolume _bnc |
||
| 500 | _aIncludes index. | ||
| 650 | 7 |
_aSingle story houses _vDesigns and plans. _2BUEsh |
|
| 650 | 7 |
_aArchitecture, Domestic _vDesigns and plans. _2BUEsh |
|
| 653 | _bENGARC | ||
| 655 | _vReading book | ||
| 856 | 4 | 1 |
_3Table of contents only _uhttp://www.loc.gov/catdir/toc/fy0703/2006902940.html |
| 942 |
_2ddc _cBB |
||
| 999 |
_c10507 _d10507 |
||